| 000 | 00406nam a2200145Ia 4500 | ||
|---|---|---|---|
| 008 | 211109s9999||||xx |||||||||||||| ||und|| | ||
| 082 |
_a822.33 _bVER.A |
||
| 100 | _aVerity, A W | ||
| 245 | 0 | _aMidsummer-Night`s Dream | |
| 260 |
_bCambridge University Press _aLondon _c1966 |
||
| 300 | _a160 | ||
| 630 | _xGeneral Stack | ||
| 650 |
_aEnglish drama _vWilliam shakespeareenglandplay _xEnglish |
||
| 942 | _cBOOK | ||
| 999 |
_c29107 _d29107 |
||